Sports Quiz

Random Sports or Basketball Quiz

Hall of Fame Probability (NBA) Quiz Stats

Quiz not verified by Sporcle

Challenge
Share
Tweet
Embed
Score 0/25 Timer 05:00
0 Plays Today
Current Team Player % Correct
Los Angeles LakersKobe Bryant
99.6%
San Antonio SpursTim Duncan
99.3%
Miami HeatLebron James
98.9%
Miami HeatDwyane Wade
98.8%
Boston CelticsKevin Garnett
98.5%
Boston CelticsPaul Pierce
98.3%
Dallas MavericksDirk Nowitzki
97.6%
Phoenix SunsSteve Nash
97.4%
Boston CelticsRay Allen
97.3%
New Orleans HornetsChris Paul
95.6%
Dallas MavericksJason Kidd
95.3%
San Antonio SpursTony Parker
94.7%
Miami HeatChris Bosh
94.6%
Current Team Player % Correct
New York KnicksCarmelo Anthony
94.5%
Orlando MagicDwight Howard
94.2%
Los Angeles LakersPau Gasol
92.6%
New York KnicksAmare Stoudemire
92.2%
San Antonio SpursManu Ginobili
87.9%
Phoenix SunsVince Carter
80%
New Jersey NetsDeron Williams
73.3%
Phoenix SunsGrant Hill
70.3%
New York KnicksChauncey Billups
61.2%
Dallas MavericksShawn Marion
61.1%
Philadelphia 76ersElton Brand
59.3%
Orlando MagicGilbert Arenas
42%

You're not logged in!

Compare scores with friends on all Sporcle quizzes.
Sign Up with Email
OR
Log In

You Might Also Like...

Show Comments

Extras

Top Quizzes Today


Score Distribution

Your Account Isn't Verified!

In order to create a playlist on Sporcle, you need to verify the email address you used during registration. Go to your Sporcle Settings to finish the process.